[Event "27th Kavala Open 2018"]
[Site "Kavala"]
[Date "2018.08.06"]
[Round "2"]
[White "Dorfanis, Ilarion"]
[Black "Kourkoulos Arditis, Stamatis"]
[Result "1-0"]
[WhiteElo "2183"]
[BlackElo "2433"]
[Annotator "TA"]
[PlyCount "67"]
[EventDate "2018.08.06"]
[EventType "swiss"]
[EventCountry "GRE"]
[SourceTitle "playchess.com"]
[Source "ChessBase"]
[SourceQuality "1"]

{[%evp 19,67,20,3,0,0,-25,-25,-35,0,0,0,-51,-40,-55,45,-75,-16,-31,0,0,148,156,449,429,442,438,438,438,427,437,469,463,833,791,794,764,1049,1011,973,950,948,1011,973,966,1191,1160,2083,1962,29984,29984]} 1. Nf3 Nf6 2. c4 g6 3. Nc3 Bg7 4. g3 O-O 5. Bg2 d6 6. d4 {[%cal Bd2d4,Bd4d5][%mdl 32]} Nc6 7. O-O a6 8. Bf4 Rb8 {E63: King's Indian: Fianchetto: Panno Variation with 7...a6} 9. Rc1 h6 10. d5 e5 {LiveBook: 15 Games. The position is equal.} 11. dxc6 (11. Bd2 Ne7 12. e4 Nd7 13. Ne1 f5 14. Nd3 Nf6 15. f4 Nxe4 16. Nxe4 fxe4 17. Bxe4 exf4 18. Nxf4 {½-½ (56) Tregubov,P (2575)-Amin,B (2689) Riadh 2017}) 11... exf4 12. Nd4 fxg3 13. hxg3 (13. fxg3 Qe8 $17) 13... Ng4 $146 ({Predecessor:} 13... b6 14. e3 h5 15. b3 Ng4 16. Nd5 {1-0 (36) Kveinys,A (2524)-Hess,M (2275) Bad Woerishofen 2016}) 14. cxb7 Bxb7 15. e3 (15. Bxb7 $11 Rxb7 16. b3) 15... Qg5 $15 16. Bxb7 Bxd4 (16... Rxb7 $15 17. Nf3 Qh5) 17. exd4 (17. Qxd4 $14 {was forced to keep a grip.} Qh5 18. Kg2 Qh2+ 19. Kf3 Ne5+ 20. Ke2 Rxb7 21. b3 Qh5+ 22. f3) 17... Qh5 $17 {[%csl Gg4][%cal Rh5h2] [#]} (17... Rxb7 $2 18. Ne4 $18) 18. Kg2 {And now Rh1 would win.} Qh2+ $1 {[%mdl 1024] Black has compensation.} (18... Rxb7 19. Rh1 $14) 19. Kf3 Rfe8 (19... Rxb7 $11 20. Kxg4 Qh5+ 21. Kf4 Qf5+ 22. Ke3 Rxb2) 20. Qc2 $16 {Bd5 is the strong threat.} ({But not} 20. Bxa6 $2 Rxb2 21. Ne4 (21. Rh1 $2 {leads to mate.} Rxf2+ 22. Kxg4 f5#) 21... Qh5 $19) 20... Qh3 $2 (20... Rxb7 $16 {was worth a try.} 21. Rh1 Qxf2+ 22. Qxf2 Nxf2 23. Kxf2 Rxb2+ 24. Kf3 Kg7) 21. Rh1 $18 Nh2+ {[#]} 22. Rxh2 $1 Qxh2 23. Bc6 Re6 24. Nd5 Kg7 25. Bd7 g5 (25... Rf8 $142 26. Qb1 (26. Bxe6 fxe6+ 27. Nf4 g5 $16) 26... g5) 26. Bxe6 fxe6 27. Nxc7 Rf8+ 28. Ke3 Kh8 29. Nxe6 Rf6 30. d5 Qg2 31. Nd4 g4 32. Re1 Rf7 33. Re2 Qh1 34. Kd2 {Precision: White = 63%, Black = 30%.} 1-0

[Event "27th Kavala Open 2018"]
[Site "Kavala"]
[Date "2018.08.06"]
[Round "2"]
[White "Liodakis, Konstantinos Spyros"]
[Black "Danielian, Elina"]
[Result "1-0"]
[WhiteElo "2172"]
[BlackElo "2419"]
[Annotator "TA"]
[PlyCount "135"]
[EventDate "2018.08.06"]
[EventType "swiss"]
[EventCountry "GRE"]
[SourceTitle "playchess.com"]
[Source "ChessBase"]
[SourceQuality "1"]

{[%evp 19,135,9,53,59,57,45,83,94,128,125,125,127,147,133,157,164,183,183,207,200,210,138,148,147,164,139,140,115,120,129,136,139,138,139,161,143,141,138,167,158,149,118,257,301,449,256,257,102,102,102,123,112,117,110,123,123,142,123,123,95,105,105,105,76,123,112,105,112,123,123,164,166,152,123,149,131,131,131,105,105,105,105,112,105,105,105,131,131,1187,411,389,376,1967,1522,2308,1714,29969,29971,29969,29971,29972,29973,29973,29974,29973,29975,29976,29977,29976,8,8,8,29983,29984,29984,29985,29985,29986]} 1. e4 d6 2. d4 Nf6 3. Nc3 c6 4. g3 Nbd7 5. Bg2 e5 6. Nge2 Be7 7. a4 {B07: Pirc Defence: Miscellaneous Systems} Qc7 (7... O-O 8. O-O Re8 9. h3 Bf8 10. d5 cxd5 11. exd5 h5 12. Be3 b6 13. Qd2 Ba6 14. Nb5 Nc5 15. Nec3 Qd7 16. b3 Bb7 {0-1 (39) Ghaem Maghami,E (2596)-Movsesian,S (2658) Berlin 2015}) 8. O-O O-O 9. h3 Re8 10. Be3 Bf8 {LiveBook: 3 Games} 11. g4 exd4 12. Bxd4 d5 $146 ({Predecessor:} 12... g6 13. Ng3 Rd8 14. g5 Ne8 15. f4 Bg7 16. a5 Nc5 17. Nce2 f6 18. f5 {½-½ (77) Voischeva,Z (1877)-Grachev,A (2097) Voronezh 2013}) 13. exd5 Nxd5 14. Nxd5 cxd5 15. Nc3 Nc5 16. Nxd5 Qd6 17. b4 Ne6 18. Be3 Bd7 19. c4 Rad8 20. Qc1 Qb8 21. Rd1 Bd6 22. a5 Bc6 23. b5 Bxd5 24. Bxd5 Nf4 25. Bxf4 Bxf4 26. Qc2 Be5 27. Ra3 b6 28. Qf5 Bf6 29. axb6 axb6 30. Rad3 {g5 is the strong threat.} Qc7 (30... Qc8 $16 31. Qxc8 Rxc8) 31. Be4 $1 $18 (31. g5 Re5 $11) 31... Rxd3 (31... Kf8 $142 32. Bc6 Rxd3 33. Rxd3 (33. Qxd3 Rd8 $16) 33... Rd8) 32. Qxh7+ (32. Bxd3 Kf8 $16) (32. Rxd3 $142 Qxc4 33. Qxh7+ Kf8 34. Bc6 (34. Rd7 g6 $11) 34... Re1+ 35. Kg2) 32... Kf8 33. Bxd3 $2 (33. Rxd3 $18 {and the rest is easy.} Qxc4 34. Bc6 (34. Rd7 g6 $11) 34... Re1+ 35. Kg2) 33... Qf4 $16 34. Qf5 Qd4 35. Qf3 Qc3 36. Be2 Qb2 37. Bf1 Bd4 38. Qf4 Bc5 39. Rd2 Qc1 40. g5 {aiming for g6.} g6 41. h4 (41. Kg2 {is interesting.} Kg8 42. Rd4 Qxf4 43. Rxf4 Rd8 44. Be2) 41... Bb4 42. Rd4 Qxf4 43. Rxf4 {[%mdl 4096] Endgame KRB-KRB} Re1 44. Kg2 Bd6 45. Rf6 Bc5 46. Bd3 {Hoping for Bxg6.} Ke7 47. Kf3 Rh1 48. Be4 {Black must now prevent Bd5.} Rxh4 49. Bd5 Rh7 50. Ke4 Bd6 51. f4 Rg7 52. Bb7 Rh7 53. Kd5 Rh2 $2 {[%mdl 8192] [#]} (53... Bc5 $16 54. Rc6 Rh4) 54. Kc6 (54. Rxf7+ $142 $3 {[%mdl 512]} Kxf7 55. Kxd6) 54... Rc2 $18 {[#]} 55. Rxf7+ $3 {[%mdl 512]} Kxf7 $2 (55... Ke6 56. Rf6+ Ke7 57. Kxb6 (57. Rxd6 Rxc4+ 58. Kxb6 Kxd6 $11) 57... Rxc4) 56. Kxd6 {KR-KB} Rf2 57. Bd5+ Ke8 58. c5 bxc5 59. b6 Rxf4 60. b7 {[%cal Rb7b8]} Rb4 61. Kxc5 Rb2 62. Kc6 Rc2+ 63. Kd6 Rb2 {[#]} 64. Kc7 $2 (64. Be4 $1 {mates} Kd8 65. Kc6 Ke8 66. Bxg6+ Kf8 67. Bd3 Ke7 68. Bb5 Rc2+ 69. Kb6) 64... Ke7 $11 65. Be4 Ke6 $2 {[%mdl 8192]} (65... Rb3 $11) 66. Bxg6 {White mates.} Ke5 67. Bd3 Kd4 68. b8=Q {Precision: White = 73%, Black = 34%.} 1-0

[Event "27th Kavala Open 2018"]
[Site "Kavala"]
[Date "2018.08.06"]
[Round "2"]
[White "Markelova, Lubov"]
[Black "Prince, Bajaj"]
[Result "1/2-1/2"]
[WhiteElo "2143"]
[BlackElo "2411"]
[Annotator "TA"]
[PlyCount "60"]
[EventDate "2018.08.06"]
[EventType "swiss"]
[EventCountry "GRE"]
[SourceTitle "playchess.com"]
[Source "ChessBase"]
[SourceQuality "1"]

{[%evp 19,60,36,29,9,22,9,8,-8,26,23,55,9,9,0,10,0,82,67,27,9,12,17,54,52,46,46,53,37,217,-208,0,0,100,0,0,0,0,0,0,0,0,0,0]} 1. Nf3 c5 2. c4 Nc6 3. Nc3 g6 4. e3 Nf6 5. d4 cxd4 6. exd4 d5 7. cxd5 Nxd5 8. Qb3 e6 9. Bg5 {A35: Englische Eröffnung (Symmetrische Variante)} (9. Bb5 Bg7 10. O-O O-O 11. Bxc6 bxc6 12. Re1 Qd6 13. Ne4 Qb4 14. Qc2 a5 15. a3 Qb6 16. Nc5 Re8 17. Ne5 f6 {1-0 (33) Giri,A (2752)-Mamedyarov,S (2804) Wijk aan Zee 2018}) 9... f6 10. Bd2 Kf7 {LiveBook: 4 Partien} 11. Bb5 {Weiß hat minimalen Vorteil.} Qb6 12. Nxd5 exd5 $146 13. O-O {Tfe1 ist eine echte Drohung.} Bg4 14. Rac1 (14. Qxd5+ $2 Be6 $19) 14... Rc8 15. Rfe1 Kg7 $1 16. Bxc6 bxc6 17. Qe3 Bd6 (17... h6 $11 {bleibt in der Remisbreite.}) 18. Qh6+ $16 Kf7 $1 19. Bf4 Bf8 20. Qh4 ({Viel schwächer wäre} 20. Ng5+ fxg5 21. Qxg5 h5 $17) 20... Bf5 21. Ne5+ fxe5 22. Bxe5 {[#] Droht stark Df6+.} Be7 $1 {[%cal Re7h4]} ({Nur nicht} 22... Bg7 $2 23. Bxg7 Qd8 24. Qh6 $18) 23. Qh6 {jetzt Dg7+ und aus.} Bf6 $2 (23... Bf8 $1 $14 24. Qf4 Bb4) 24. Qf4 $4 {[%mdl 8192]} (24. Bxf6 $18 Kxf6 25. Qh4+ g5 26. Qh6+ Bg6 27. Rc3) 24... Bxe5 $2 (24... Qd8 $19 {Und weiter mit ...Lg5 wäre nett.} 25. g4 Bxe5 26. dxe5 Qh4 27. e6+ Kg8) 25. Rxe5 $11 Rhe8 {[#]} (25... Qd8 $11 {hält das Gleichgewicht.} 26. Rxf5+ gxf5 27. Qxf5+ Qf6 28. Qd7+ Qe7 29. Qf5+ Kg7 30. Qg4+ Kf7 31. Qh5+ Kf8 32. Qf5+ Kg7 33. Qg4+ Kf7 34. Qh5+ Kf8 35. Qf5+ Kg7) 26. Rxf5+ (26. g4 $1 $16 {[%cal Rg4f5]} Rxe5 27. dxe5) 26... gxf5 {Die Stellung ist ausgeglichen.} 27. Qxf5+ Kg7 (27... Kg8 $5 28. Qg5+ $8 Kh8 29. Qf6+ Kg8 30. Qg5+ Kh8 31. Qf6+ Kg8 32. Qg5+ $11) 28. Qg5+ Kf7 (28... Kh8 $5 29. Qf6+ $8 Kg8 30. Qg5+ Kf7 31. Qf4+ Kg6 32. Qg4+ Kf7 33. Qf5+ Kg8 34. Qg5+ Kf7 35. Qf4+ Kg7 36. Qg5+ Kh8 37. Qf6+ Kg8 38. Qg5+ $11) 29. Qf5+ Kg7 30. Qg5+ Kf7 {Precision: Weiß = 36%, Schwarz = 33%.} (30... Kh8 $5 31. Qf6+ $8 Kg8 32. Qg5+ Kf7 33. Qf4+ Kg7 34. Qg5+ $11) 1/2-1/2

[Event "27th Kavala Open 2018"]
[Site "Kavala"]
[Date "2018.08.07"]
[Round "4"]
[White "Theodorou, Nikolas"]
[Black "Charkhalashvili, Inga"]
[Result "1/2-1/2"]
[WhiteElo "2532"]
[BlackElo "2313"]
[Annotator "TA"]
[PlyCount "58"]
[EventDate "2018.08.06"]
[EventType "swiss"]
[EventCountry "GRE"]
[SourceTitle "playchess.com"]
[Source "ChessBase"]
[SourceQuality "1"]

{[%evp 16,58,33,32,105,100,98,106,112,88,116,120,125,118,131,119,117,123,126,30,8,-94,-105,-317,-261,-332,-204,-204,-225,-216,-217,-208,-218,-770,-202,-732,-710,-711,-92,-670,-706,-960,0,-897,0]} 1. d4 Nf6 2. Nc3 d5 3. Bf4 c6 4. e3 Bf5 5. f3 e6 6. g4 {D00: 1 d4 d5: Unusual lines} Bg6 7. h4 h5 8. g5 Nfd7 9. Bd3 {LiveBook: 6 Games} Bb4 $146 ({Better is} 9... Bxd3 $14 10. cxd3 (10. Qxd3 c5 $11) 10... c5) ({Predecessor:} 9... Bxd3 10. Qxd3 g6 11. Nge2 Bg7 12. Bd6 {1-0 (49) Grandelius,N (2643)-Bologan,V (2640) Doha 2016}) 10. Bxg6 $16 fxg6 11. Qd3 Kf7 12. Nge2 Re8 13. O-O-O Nf8 14. e4 Nbd7 15. a3 Be7 16. Bg3 Nb6 17. f4 (17. Nb1 $16) 17... Nc4 $11 18. f5 (18. Be1 $11 {remains equal.}) 18... exf5 $1 $17 19. exf5 $2 (19. Rdf1 $17 {might work better.}) 19... Bxa3 $1 $19 20. bxa3 Qa5 21. fxg6+ Kg8 $1 22. Nb1 {Black must now prevent Nd2.} ({Reject} 22. Nxd5 cxd5 23. Be5 Nxg6 $1 {[%mdl 512]}) 22... Re3 {[%mdl 1024] Black has strong compensation.} 23. Qf5 Qb6 $1 $40 {[%csl Gc4][%cal Rb6b2][%mdl 128] Black is out for blood.} 24. Qf7+ Kh8 {[%csl Gc4][%cal Rb6b2]} 25. Rdf1 $2 (25. Rd3 Rxe2 26. Rb3 Qxd4 27. Rd1) 25... Qb2+ 26. Kd1 Qxb1+ 27. Nc1 {Qxf8+ would kill now.} Ne6 28. Be5 Nb2+ 29. Kd2 {[#] Intending Bxg7+! and mate.} Nc4+ $2 {Precision: White = 49%, Black = 88%.} (29... Rxe5 $1 $19 {[%mdl 512]} 30. dxe5 Nc4+ 31. Kd1 Ne3+ 32. Ke2 Nxf1 33. Rxf1 Qxc2+ 34. Ke1 Qxc1+ 35. Kf2 Qb2+ 36. Kg1 Qxe5) 1/2-1/2

[Event "27th Kavala Open 2018"]
[Site "Kavala"]
[Date "2018.08.07"]
[Round "4"]
[White "Plat, Vojtech"]
[Black "Sandalakis, Angelos"]
[Result "1-0"]
[WhiteElo "2524"]
[BlackElo "2444"]
[Annotator "RC"]
[PlyCount "77"]
[EventDate "2018.08.06"]
[EventType "swiss"]
[EventCountry "GRE"]
[SourceTitle "playchess.com"]
[Source "ChessBase"]
[SourceQuality "1"]
[TimeControl "40/5400+30:900+30"]

1. d4 {[%emt 0:00:04]} Nf6 {[%emt 0:00:07]} 2. c4 {[%emt 0:00:09]} e6 {[%emt 0:00:08]} 3. g3 {[%emt 0:00:19]} c5 {[%emt 0:00:16]} 4. Nf3 {[%emt 0:00:08]} cxd4 {[%emt 0:00:05]} 5. Nxd4 {[%emt 0:00:04]} d5 {[%emt 0:00:05]} 6. Bg2 {[%emt 0:00:05]} e5 {[%emt 0:00:06]} 7. Nf3 {[%emt 0:00:11]} d4 {[%emt 0:00:08]} 8. O-O {[%emt 0:00:03]} Nc6 {[%emt 0:00:07]} 9. e3 {[%emt 0:00:03]} Be7 {[%emt 0:00:06]} 10. exd4 {[%emt 0:00:04]} exd4 {[%emt 0:00:05]} 11. Bf4 {[%emt 0:00:36]} O-O {[%emt 0:00:25]} 12. Ne5 {[%emt 0:05:22]} Qb6 {[%emt 0:01:45]} 13. Nxc6 {[%emt 0:04:28]} bxc6 {[%emt 0:00:07]} 14. Qb3 {[%emt 0:01:31]} Be6 {[%emt 0:10:03]} 15. Rd1 {[%emt 0:07:44]} Qc5 {[%emt 0:04:57]} 16. Qb7 {[%emt 0:01:17]} Nh5 {[%emt 0:16:26]} 17. Bc7 {[%emt 0:06:07]} Qxc4 {[%emt 0:12:14]} 18. Nd2 {[%emt 0:00:26]} Qb4 {[%emt 0:00:34]} 19. Qxb4 {[%emt 0:01:39]} Bxb4 {[%emt 0:02:39]} 20. a3 {[%emt 0:00:29]} Rac8 {[%emt 0:07:11]} 21. axb4 {[%emt 0:00:30]} Rxc7 {[%emt 0:00:05]} 22. Nf3 {[%emt 0:00:04]} Bd5 {[%emt 0:05:23]} 23. Nxd4 {[%emt 0:00:22]} Nf6 {[%emt 0:04:14]} 24. Rdc1 {[%emt 0:02:46]} Rfc8 {[%emt 0:04:04]} 25. Ra6 {[%emt 0:01:41]} Ne4 {[%emt 0:02:18]} 26. Bxe4 {[%emt 0:07:45]} Bxe4 {[%emt 0:00:04]} 27. f3 {[%emt 0:00:04]} Bd5 {[%emt 0:00:13]} 28. Rc5 {[%emt 0:00:04]} Rd8 {[%emt 0:09:19]} 29. b5 {[%emt 0:00:23]} Be4 {[%emt 0:00:05]} 30. fxe4 {[%emt 0:01:23]} Rxd4 {[%emt 0:00:07]} 31. b6 {[%emt 0:00:02]} Rc8 {[%emt 0:03:09]} 32. bxa7 {[%emt 0:00:55]} Ra8 {[%emt 0:00:05]} 33. Raxc6 {[%emt 0:00:51]} Rdd8 {[%emt 0:00:04]} 34. Rc7 {[%emt 0:00:07]} g6 {[%emt 0:00:15]} 35. b4 {[%emt 0:00:12]} Kg7 {[%emt 0:00:14]} 36. b5 {[%emt 0:01:09]} Rd1+ {[%emt 0:00:07]} 37. Kg2 {[%emt 0:00:05]} Rb1 {[%emt 0:00:06]} 38. Rb7 {[%emt 0:02:00]} Rd8 {[%emt 0:00:26]} 39. Rc2 {[%emt 0:00:30]} 1-0

[Event "27th Kavala Open 2018"]
[Site "Kavala"]
[Date "2018.08.07"]
[Round "4"]
[White "Lin, Chen"]
[Black "Grigoriadis, Alexandros"]
[Result "1-0"]
[WhiteElo "2506"]
[BlackElo "2211"]
[Annotator "ChessBase"]
[PlyCount "67"]
[EventDate "2018.08.06"]
[EventType "swiss"]
[EventCountry "GRE"]
[SourceTitle "playchess.com"]
[Source "ChessBase"]
[SourceQuality "1"]
[TimeControl "40/5400+30:900+30"]

1. e4 {[%emt 0:00:03]} c5 {[%emt 0:00:52]} 2. Nf3 {[%emt 0:00:10]} d6 {[%emt 0:00:04]} 3. Nc3 {[%emt 0:00:08]} e6 {[%emt 0:00:38]} 4. d4 {[%emt 0:00:17]} cxd4 {[%emt 0:00:05]} 5. Nxd4 {[%emt 0:00:04]} a6 {[%emt 0:00:23]} 6. Bd3 {[%emt 0:01:06]} Nf6 {[%emt 0:00:26]} 7. O-O {[%emt 0:01:11]} Be7 {[%emt 0:00:17]} 8. a4 {[%emt 0:01:59]} Nc6 {[%emt 0:03:05]} 9. Be3 {[%emt 0:00:11]} O-O {[%emt 0:00:36]} 10. f4 {[%emt 0:01:05]} Qc7 {[%emt 0:02:36]} 11. Kh1 {[%emt 0:00:31]} Nxd4 12. Bxd4 {[%emt 0:00:05]} e5 {[%emt 0:04:58]} 13. Be3 {[%emt 0:03:17]} exf4 {[%emt 0:00:37]} 14. Rxf4 {[%emt 0:00:08]} Be6 {[%emt 0:00:33]} 15. Rf1 {[%emt 0:29:45]} Ng4 {[%emt 0:02:49]} 16. Bd4 {[%emt 0:04:40]} Bf6 {[%emt 0:07:56]} 17. Bxf6 {[%emt 0:06:55]} Nxf6 {[%emt 0:00:19]} 18. Rxf6 {[%emt 0:01:11]} gxf6 {[%emt 0:00:06]} 19. Qh5 {[%emt 0:00:03]} Kg7 {[%emt 0:25:23]} 20. e5 {[%emt 0:06:54]} Rh8 {[%emt 0:07:10]} 21. exf6+ {[%emt 0:04:14]} Kxf6 {[%emt 0:00:57]} 22. Qh4+ {[%emt 0:00:34]} Kg7 {[%emt 0:01:33]} 23. Rf1 {[%emt 0:00:11]} Qd8 {[%emt 0:03:17]} 24. Qd4+ {[%emt 0:10:34]} f6 {[%emt 0:02:08]} 25. Ne4 {[%emt 0:00:06]} Rf8 {[%emt 0:00:46]} 26. Ng5 {[%emt 0:04:03]} Bg8 {[%emt 0:03:52]} 27. Nxh7 {[%emt 0:01:18]} Bxh7 {[%emt 0:01:16]} 28. Qg4+ {[%emt 0:00:05]} Kh8 {[%emt 0:03:17]} 29. Bxh7 {[%emt 0:00:12]} Qe7 {[%emt 0:05:39]} 30. Be4 {[%emt 0:00:29]} f5 31. Bxf5 {[%emt 0:00:09]} Rae8 {[%emt 0:05:29]} 32. h3 {[%emt 0:00:50]} Rf7 {[%emt 0:04:30]} 33. Rd1 {[%emt 0:09:10]} Qe5 {[%emt 0:03:56]} 34. Qh5+ {[%emt 0:01:55]} 1-0

[Event "27th Kavala Open 2018"]
[Site "Kavala"]
[Date "2018.08.07"]
[Round "4"]
[White "Hasangatin, Ramil"]
[Black "Kelires, Andreas"]
[Result "1/2-1/2"]
[WhiteElo "2491"]
[BlackElo "2531"]
[Annotator "TA"]
[PlyCount "122"]
[EventDate "2018.08.06"]
[EventType "swiss"]
[EventCountry "GRE"]
[SourceTitle "playchess.com"]
[Source "ChessBase"]
[SourceQuality "1"]

{[%evp 15,122,-29,-17,-11,-10,-12,-9,-10,-22,-21,-9,-12,-14,-18,-8,-6,-6,-12,-2,-17,-15,-19,-6,-5,-9,-9,-9,-11,0,0,3,3,3,3,3,3,3,3,8,6,29,0,30,29,39,0,32,16,29,30,46,38,66,66,123,67,98,97,99,67,67,67,129,117,178,178,178,164,156,138,138,138,131,124,112,105,122,145,170,177,177,177,177,177,172,170,247,247,268,261,258,254,244,231,200,88,88,0,0,0,0,0,0,0,0,0,0,0,0]} 1. d4 Nf6 2. Nc3 d5 3. Bg5 Nbd7 4. Nf3 h6 5. Bf4 a6 6. e3 {D01: Veresov Opening} e6 7. Bd3 c5 8. O-O Be7 {LiveBook: 4 Games} (8... c4 $5 9. Be2 $8 b5 $11) (8... c4 9. Be2 b5 10. a3 Bb7 11. Ne5 Be7 12. Bg3 Nxe5 13. Bxe5 {½-½ (33) Mamedjarova,T (2274)-Schleining,Z (2382) Stary Smokovec 2018}) 9. Ne5 Nxe5 10. Bxe5 c4 11. Be2 b5 12. Nb1 $146 ({Predecessor:} 12. a3 O-O 13. Bf3 Bb7 14. Qe2 {1-0 (28) Pekar,K-Sedlakova,I (2015) Slovakia 1996}) 12... Bb7 13. Nd2 O-O 14. c3 Bd6 15. Bxd6 Qxd6 16. Qc2 Rfc8 17. a3 a5 18. Bf3 Rab8 {[%cal Ba8b8,Bb8b6,Bb6d6][%mdl 32]} 19. e4 dxe4 20. Nxe4 Bxe4 21. Bxe4 Rb6 22. Bf3 g6 23. Rfe1 Kg7 24. g3 Qc7 25. Kg2 Rd8 26. h4 Rbd6 27. Re5 Nd5 28. Rae1 Qe7 29. Qe2 Qc7 30. Qc2 Qe7 31. Kg1 Qf6 32. Qe2 h5 33. Kg2 Rc8 34. Bxd5 exd5 (34... Rxd5 $14 35. Rxd5 exd5) 35. Re7 (35. f4 $1 $16) 35... Rb8 36. Qe5 b4 37. axb4 axb4 38. Re3 $1 {[%cal Re3f3] Threatens to win with Rf3.} bxc3 (38... Rf8 $14) 39. bxc3 $16 Kg8 (39... Qxe5 $16 {might work better.} 40. dxe5 Rc6) 40. Rf3 $1 $18 {[%cal Rf3f6]} Qxe5 41. dxe5 Re6 42. Rfxf7 {aiming for Rg7+.} Rxe7 43. Rxe7 $16 {[%mdl 4096] Endgame KR-KR} Rb3 44. Rd7 Rxc3 45. Rxd5 Kf7 46. Rd6 Rb3 47. Rf6+ Kg7 48. Rc6 Rc3 49. Rc7+ Kf8 50. e6 $1 Rc1 (50... Rb3 $142 51. Rxc4 Ke7) 51. Kf3 $18 Re1 52. Kf4 $1 (52. Rxc4 $6 Rxe6 53. Rc7 Re5 $16) 52... Rxe6 53. Kg5 (53. Rxc4 $6 Kg7 $16) 53... Re7 54. Rc6 $1 (54. Rxc4 $6 Kg7 $16) 54... Kf7 {[#]} 55. Kh6 ({Resist} 55. Rxc4 Kg7 $16) ({Don't go for} 55. Rxg6 $2 Re5+ 56. Kh6 Re6 $19) (55. Rf6+ $1 $18 {and the rest is easy.} Ke8 56. Rxg6) 55... Re4 $16 {[#]} 56. Kh7 ({But not} 56. Rxg6 $2 Re6 $19) ({Better is} 56. Rc7+ $1 $16 Kf6 57. f3) 56... Rg4 $11 {The position is equal.} 57. Kh6 Ke7 58. f3 Rxg3 59. Rxc4 Ke6 60. Rf4 Ke5 61. Rf8 Ke6 {Precision: White = 69%, Black = 58%.} 1/2-1/2

[Event "27th Kavala Open 2018"]
[Site "Kavala"]
[Date "2018.08.07"]
[Round "4"]
[White "Mu, Ke"]
[Black "Nikolaou, Spiridon"]
[Result "0-1"]
[WhiteElo "2446"]
[BlackElo "2207"]
[Annotator "TA"]
[PlyCount "44"]
[EventDate "2018.08.06"]
[EventType "swiss"]
[EventCountry "GRE"]
[SourceTitle "playchess.com"]
[Source "ChessBase"]
[SourceQuality "1"]

{[%evp 19,44,11,6,8,0,0,5,-126,-122,-335,-329,-326,-316,-327,-325,-488,-497,-485,-480,-442,-475,-484,-473,-471,-468,-507,-475]} 1. d4 Nf6 2. c4 g6 3. Nc3 Bg7 4. e4 d6 5. Nf3 O-O 6. h3 Nc6 7. Be3 e5 8. d5 {E90: King's Indian: Classical: Early deviations and 6 h3} Nd4 9. Nxd4 exd4 10. Bxd4 Nxe4 $1 {LiveBook: 3 Games} 11. Nxe4 Qh4 $1 {[%cal Rh4e4]} 12. Bxg7 Qxe4+ 13. Be2 $146 (13. Qe2 $11 {remains equal.} Qxe2+ 14. Bxe2 Kxg7 15. b3) ({Predecessor:} 13. Qe2 Qxe2+ 14. Bxe2 Kxg7 15. Kd2 Bd7 {0-1 (52) Jacobs,R (2400)-Pantazi,A (2304) ICCF email 2013}) 13... Qxg2 $17 14. Qd4 $2 (14. Bxf8 $17 Qxh1+ 15. Kd2 Qxd1+ 16. Rxd1 Kxf8 17. Bd3) 14... Qxh1+ $19 15. Kd2 Qxa1 16. Qf6 Re8 ({Don't blunder} 16... Qxa2 $2 17. Bh6 $18) 17. Bh6 {[#]} (17. Bh8 $142 Rxe2+ 18. Kxe2 Bg4+ 19. hxg4 Re8+ 20. Kd2 Qe1+ 21. Kc2 Re2+ 22. Kb3) 17... Rxe2+ $1 {Black is clearly winning.} 18. Kxe2 {[%csl Gh6][%cal Rf6g7] [#]} Bg4+ $1 19. hxg4 {[%csl Gh6][%cal Rf6g7]} Re8+ 20. Kd3 {[%csl Gh6][%cal Rf6g7]} Qd1+ 21. Kc3 {[%csl Gh6][%cal Rf6g7]} Qe1+ 22. Kb3 {[%csl Gh6][%cal Rf6g7]} Qe5 0-1

[Event "27th Kavala Open 2018"]
[Site "Kavala"]
[Date "2018.08.07"]
[Round "4"]
[White "Ni, Shiqun"]
[Black "Ladopoulos, Dimitrios"]
[Result "1-0"]
[WhiteElo "2436"]
[BlackElo "2191"]
[Annotator "TA"]
[PlyCount "43"]
[EventDate "2018.08.06"]
[EventType "swiss"]
[EventCountry "GRE"]
[SourceTitle "playchess.com"]
[Source "ChessBase"]
[SourceQuality "1"]

{[%evp 22,43,117,96,93,41,82,89,85,56,53,31,99,93,202,205,860,850,1637,1637,1559,1546,29997,-103]} 1. e4 d6 2. d4 Nf6 3. Nc3 c6 4. Nf3 Bg4 {[%cal Bc8g4,Bg4h5,Bh5g6][%mdl 32]} 5. h3 Bh5 6. g4 Bg6 7. Qe2 e6 8. h4 h5 9. g5 Nfd7 10. d5 {A41: 1 d4 d6: Tartakower System and Modern Defence} (10. Bh3 Qa5 11. d5 e5 12. Nd2 Qa6 13. Qf3 Be7 14. Nb3 Qb6 15. Be3 Qc7 16. O-O-O a6 17. dxc6 bxc6 18. Bf5 Nb6 19. Qh3 N8d7 20. Bxb6 {1-0 (20) Rapport,R (2720)-Danielsen,H (2488) Reykjavik 2016 CBM 171 Extra [Schulz,André]}) 10... cxd5 11. exd5 e5 12. Be3 {LiveBook: 5 Games. White is better.} Na6 13. a3 $146 (13. Bh3 $16) ({Predecessor:} 13. Bh3 Nb4 14. Rc1 Qa5 15. O-O Nb6 16. Bd2 a6 17. Rfe1 Be7 {1-0 (39) Kantor,G (2362)-Vegh,E (2300) Hungary 2013}) 13... Rc8 14. Bh3 Nac5 15. Bxc5 Rxc5 16. Nd4 Rxc3 ({Black should play} 16... Be7 $14 17. Nf5 Bxf5 18. Bxf5 Nb6) 17. bxc3 $16 Qa5 {[#]} (17... Be7 $16 {was necessary.}) 18. Qc4 $1 $18 {[%cal Rc4c8] Threatening mate with Qc8+.} Nb6 $2 (18... Nc5) 19. Qc7 {White threatens Qb8+ and mate.} Qxd5 20. Qb8+ Ke7 21. O-O-O Qa2 {[#]} 22. Nc6+ $1 {[%mdl 33280] Precision: White = 68%, Black =  8%. . Loss on Time!?} 1-0